000 00589nam a22002057a 4500
005 20250214143922.0
010 _aENG-143804
020 _a9789394935013
_c1800.00
035 _aEN-127336
037 _bDBAD
082 _a780.9543
100 _aCakrabartī, Bikāśa
_977593
245 _aVoices of the Mute Gramophone Record Covers/
_cby Bikāśa Cakrabartī
250 _a1
260 _aKolkata
_bMitram
_c2022
270 _a37A, College Street
_bKolkata
_e700073
300 _a103p.
_c29cm(Hb)
500 _a Includes index
942 _2ddc
_cEN
_h780.9543
_mCHA
999 _c209051
_d209051